000
00345nam a2200145Ia 4500
008
090124s9999 xx 000 0 und d
082
_b
303676
245
_a
अदालत
250
_a
1
260
_b
कर्णिक हेमन
_c
1998
300
_a
224
630
_a
अदालत
730
_a
अदालत
942
_c
BOOK
999
_c
193313
_d
193313